00826cam a2200229 4500001001300000003000400013005001700017008004100034010002200075025002000097043001200117050001600129082001900145100002700164245005900191260006700250300001800317500011400335500004900449651003900498740005900537sa 68020363 DLC20260227112723.0740121s1965 io s f00000 eng  asa 68020363 //r81 aPL480:Indo-5873 aa-io---0 aHB3647b.U30 a312/.0959821910aUeda, Kōzō,d1923-14aThe first and second demographic surveys in Indonesia.0 aDjakarta,bStatistical Research and Development Centre,c1965. a26 p.c30 cm. aCover title: Perkembangan penduduk (population increase) Indonesia; survey-penduduk (population-survey) 1963. aIn English; with introd. also in Indonesian. 0aIndonesiaxPopulationxStatistics. 1aPerkembangan penduduk (population increase) Indonesia.